Normal view
MARC view
Entry Personal Name
001 - CONTROL NUMBER
- control field: 4982
003 - CONTROL NUMBER IDENTIFIER
- control field: ARRUPE
005 - DATE AND TIME OF LATEST TRANSACTION
- control field: 20131203183055.0
008 - FIXED-LENGTH DATA ELEMENTS
- fixed length control field: 131203|| aca||aabn | a|a d
040 ## - CATALOGING SOURCE
- Original cataloging agency: ARRUPE
- Transcribing agency: ARRUPE
100 ## - HEADING--PERSONAL NAME
- Personal name: Schneider, Louis,
- Dates associated with a name: 1915-
670 ## - SOURCE DATA FOUND
- Source citation: Work cat.: (ARRUPE)0: Menger, Carl, 1840-1921. 4978, Investigations into the method of the social sciences, with special reference to economics =, 1985, c1963.